000 01004cam a22002174a 4500
005 20250605164217.0
008 250528s ||||||||||||||||||||||||d
035 _a20500
020 _a393950891
040 _aGR-AtMCL
_bgre
_dGR-AtMCL
_eAACR2
245 1 _aWorld Civilizations / Instructor's Manual Sixth Edition
250 _a6th
300 _a346
505 0 _aPreface, The Dawn of History, The World in the Classical Era, The World in the Middle Ages, The Early Modern Wrld, The French and Industrial Revolutions and Their Consequences, The West at the World's Center, The Emergence of World Civilizations.
520 _aPreface, The Dawn of History, The World in the Classical Era, The World in the Middle Ages, The Early Modern Wrld, The French and Industrial Revolutions and Their Consequences, The West at the World's Center, The Emergence of World Civilizations.
700 1 _aSzemler G. L
_96484
942 _cBK
260 _bW.W. Norton & Company
999 _c5602
_d5602